banner-ar

هل يعود ? وقصص اخرى (هدية من الاديب عبدالفتاح الجمل) / (Record no. 42346)

MARC details
000 -الفاتح
حقل البيانات ثابتة الطول 00579nam a2200169Ia 4500
008 - عناصر البيانات ثابتة الطول - معلومات عامة
حقل البيانات ثابتة الطول 140319s9999 xx 000 0 ara d
040 ## - مصدر الفهرسة
وكالة الفهرسة الأصلية GCL /
وكالة النسخ GCL
082 04 - رقم تصنيف ديوى العشرى
رقم التصنيف 891.81
رقم المادة ط هـ
100 1# - المدخل الرئيسى - إسم شخصى
الإسم الشخصى طلعت السمرى (ترجمة)
245 10 - بيان العنوان
العنوان هل يعود ? وقصص اخرى (هدية من الاديب عبدالفتاح الجمل) /
بيان المسئوليه,etc طلعت السمرى (ترجمة)
300 ## - الوصف المادى
التعداد 156 ص
490 ## - بيان السلسلة
عنوان السلسلة من روائع الادب العالمى للناشئين
رقم المجلد/ التعيين التسلسلي 0
650 04 - المدخل الاضافى بالموضوع-مصطلح موضوعى
مصطلح موضوعي الادب
650 04 - المدخل الاضافى بالموضوع-مصطلح موضوعى
مصطلح موضوعي الادب البلغارى
942 ## - عناصر المدخل الإضافي( كوها)
مصدر التصنيف او مخطط الترفيف Dewey Decimal Classification
Koha [default] item type كتاب
Holdings
حالة التراجع حالة الفقد حالة تلف ليس للاعارة المكان المؤقت الموقع الحالى تاريخ الاكتساب اجمالي اﻻعارات رقم الطلب الباركود تاريخ اخر مشاهدة تاريخ تفعيل السعر نوع وعاء كوها
        مكتبة القاهرة الكبرى مكتبة القاهرة الكبرى 03/26/2014   891.81\ط هـ 102287 03/26/2014 03/26/2014 كتاب

Powered By

EGPV